| 000 | 00601nam a22001577a 4500 | ||
|---|---|---|---|
| 003 | NUST | ||
| 082 | _a610 | ||
| 100 |
_aJamshaid ,Zanib _9122435 |
||
| 245 |
_aIn silico Characterization of Prion Proteins and interactive association with Amyloid beta as novel therapeutic trends for Alzheimer’s Disease / _cZanib Jamshaid |
||
| 264 |
_aIslamabad: _bSMME- NUST. _c2021. |
||
| 300 |
_a62p. ; _bSoft Copy, _c30cm. |
||
| 650 | _aMS Biomedical Sciences (BMS) | ||
| 700 |
_aSupervisor : Dr. Saima Zafar _9122351 |
||
| 856 | _uhttp://10.250.8.41:8080/xmlui/handle/123456789/27908 | ||
| 942 |
_2ddc _cTHE |
||
| 999 |
_c608930 _d608930 |
||